Organizaciones sociales y conflictos sociopolíticos en una sociedad polarizada: las dos caras de la democracia participativa en Venezuela /
Na minha lista:
| Autor principal: | |
|---|---|
| Formato: | Texto |
| Assuntos: | |
| Tags: |
Adicionar Tag
Sem tags, seja o primeiro a adicionar uma tag!
|
MARC
| LEADER | 00000 a a2200000 04500 | ||
|---|---|---|---|
| 001 | 773 | ||
| 003 | |||
| 040 | |||
| 100 | |a Gracía-Guadilla, María Pilar | ||
| 245 | |a Organizaciones sociales y conflictos sociopolíticos en una sociedad polarizada: |b las dos caras de la democracia participativa en Venezuela / |c María Pilar Gracía-Guadilla | ||
| 650 | |a CONFLICTOS SOCIALES | ||
| 650 | |a CONFLICTOS POLITICOS | ||
| 650 | |a SOCIEDAD CIVIL | ||
| 650 | |a DEMOCRACIA | ||
| 650 | |a LUCHA DE CLASES | ||
| 650 | |a VENEZUELA | ||
| 773 | |g volumen 42; páginas 37-60 | ||
| 999 | |c 38170 |d 38170 | ||
